000 00323nam a22001337a 4500
020 _a8172140177
082 _a294.3 PRA
100 _aPrakash, Surendra
245 _aThe Buddhist Sutra of Lotus Flower: Its essence and interpretation
260 _aDelhi
_bISPCK
_c1991
300 _a83
650 _aBuddhism
942 _cBK
999 _c23247
_d23247